[Event "IECC P email"]
[Site "IECC email"]
[Date "1999.07.23"]
[Round "?"]
[White "Renze, John"]
[Black "Boyer, Lee"]
[Result "0-1"]
[WhiteElo "970"]
[BlackElo "1055"]
[PlyCount "30"]
[EventDate "1999.??.??"]
[EventType "tourn (corr)"]
[EventRounds "6"]
[SourceTitle "Corr 2008"]
[Source "ChessBase"]
[SourceDate "2008.06.24"]
[SourceVersion "1"]
[SourceVersionDate "2008.06.24"]
[SourceQuality "1"]

1. e4 e5 2. f4 exf4 3. Nf3 Nc6 4. d4 Qf6 5. Nc3 Bb4 6. a3 Bxc3+ 7. bxc3 d6 8. Bb5 Nge7 9. 0-0 0-0 10. Ne1 Ng6 11. Nd3 Re8 12. Nxf4 Rxe4 13. Nxg6 Qxg6 14. Bd3 Bg4 15. Rb1 Bxd1 0-1

[Event "IECC P email"]
[Site "IECC email"]
[Date "1998.07.27"]
[Round "?"]
[White "Boyer, Lee"]
[Black "Morris, John P"]
[Result "1-0"]
[WhiteElo "990"]
[BlackElo "1013"]
[PlyCount "30"]
[EventDate "1998.??.??"]
[EventType "tourn (corr)"]
[EventRounds "6"]
[SourceTitle "Corr 2008"]
[Source "ChessBase"]
[SourceDate "2008.06.24"]
[SourceVersion "1"]
[SourceVersionDate "2008.06.24"]
[SourceQuality "1"]

1. e4 c6 2. d4 d5 3. Nc3 dxe4 4. Nxe4 Nd7 5. Nf3 Ngf6 6. Bd3 Nxe4 7. Bxe4 Nf6 8. Qd3 e6 9. c3 c5 10. Bg5 Be7 11. Bxf6 Bxf6 12. 0-0-0 cxd4 13. Nxd4 g6 14. Nc6 Qxd3 15. Rxd3 0-0 1-0